[Event "CZE-chT2B 1920"]
[Site "Czech Republic"]
[Date "2020.06.18"]
[Round "10.8"]
[White "Srostlik, Zdenek"]
[Black "Kral, David"]
[Result "1/2-1/2"]
[WhiteElo "1874"]
[BlackElo "1998"]
[PlyCount "98"]
[EventDate "2019.10.13"]
[EventType "team-tourn"]
[EventRounds "11"]
[EventCountry "CZE"]
[SourceTitle "EXT 2024"]
[Source "ChessBase"]
[SourceDate "2023.10.10"]
[SourceVersion "1"]
[SourceVersionDate "2023.10.10"]
[SourceQuality "1"]
[WhiteTeam "Kobylisy"]
[BlackTeam "Teplice"]
[WhiteTeamCountry "CZE"]
[BlackTeamCountry "CZE"]

1. e4 c5 2. Nf3 Nc6 3. d4 cxd4 4. Nxd4 Nf6 5. Nc3 d6 6. Bg5 e6 7. Qd2 Be7 8. f4 a6 9. 0-0-0 Qc7 10. Be2 0-0 11. g4 Rd8 12. Kb1 Nxd4 13. Qxd4 b5 14. f5 Bb7 15. Bf3 Rac8 16. Be3 Nd7 17. g5 exf5 18. Be2 fxe4 19. Rd2 Nc5 20. Nd5 Bxd5 21. Qxd5 Qc6 22. Qf5 a5 23. Rf1 Rf8 24. Bd4 Ne6 25. Bf6 Bxf6 26. gxf6 g6 27. Qh3 Qc5 28. Bg4 Qg5 29. Bxe6 Qxd2 30. Bxc8 d5 31. Bg4 a4 32. Rd1 Qf4 33. Rf1 Qg5 34. Be2 b4 35. Qd7 a3 36. h3 Qe5 37. c3 bxc3 38. Qc6 axb2 39. Bb5 d4 40. Re1 e3 41. Bd3 Qa5 42. Rg1 Ra8 43. Qc4 Qa4 44. Qd5 Qa5 45. Qc4 Qh5 46. Qxd4 Qa5 47. Qc4 Qa4 48. Qd5 Qa5 49. Qc4 Qa4 1/2-1/2

[Event "CZE-chT2C 1920"]
[Site "Czech Republic"]
[Date "2020.01.26"]
[Round "7.7"]
[White "Bradac, Daniel"]
[Black "Srostlik, Zdenek"]
[Result "1-0"]
[WhiteElo "1962"]
[BlackElo "1864"]
[PlyCount "56"]
[EventDate "2019.10.13"]
[EventType "team-tourn"]
[EventRounds "11"]
[EventCountry "CZE"]
[SourceTitle "EXT 2024"]
[Source "ChessBase"]
[SourceDate "2023.10.10"]
[SourceVersion "1"]
[SourceVersionDate "2023.10.10"]
[SourceQuality "1"]
[WhiteTeam "Liberec Desko"]
[BlackTeam "Kobylisy II"]
[WhiteTeamCountry "CZE"]
[BlackTeamCountry "CZE"]

1. e4 c5 2. Nf3 e6 3. d3 d6 4. g3 Nc6 5. Bg2 Nf6 6. 0-0 Be7 7. a4 0-0 8. c3 c4 9. e5 dxe5 10. dxc4 Qc7 11. Qe2 a5 12. Be3 Rd8 13. Na3 Bxa3 14. Rxa3 Nd7 15. Ng5 Nf6 16. Rb3 Qd6 17. Rb5 h6 18. Nf3 Nd7 19. Rd1 Qc7 20. Nd2 Na7 21. Rb3 Nc5 22. Ra3 Bd7 23. b4 Na6 24. Rb1 Bc6 25. Bf1 Be8 26. c5 Rac8 27. Ne4 Ra8 28. b5 Nxc5 1-0

[Event "CZE-chT2B 1718"]
[Site "Czech Republic"]
[Date "2018.04.08"]
[Round "11.8"]
[White "Srostlik, Zdenek"]
[Black "Lajbl, Jan"]
[Result "1/2-1/2"]
[WhiteElo "1917"]
[BlackElo "1811"]
[PlyCount "82"]
[EventDate "2017.10.15"]
[EventType "team-tourn"]
[EventRounds "11"]
[EventCountry "CZE"]
[SourceTitle "EXT 2022"]
[Source "ChessBase"]
[SourceDate "2021.10.06"]
[SourceVersion "1"]
[SourceVersionDate "2021.10.06"]
[SourceQuality "1"]
[WhiteTeam "Kobylisy"]
[BlackTeam "Jicin"]
[WhiteTeamCountry "CZE"]
[BlackTeamCountry "CZE"]

1. e4 c6 2. d4 d5 3. e5 c5 4. c3 Nc6 5. Bb5 e6 6. Ne2 Qb6 7. Ba4 Bd7 8. 0-0 cxd4 9. cxd4 Nge7 10. a3 Nf5 11. Kh1 Be7 12. b4 0-0 13. Bb2 f6 14. Bb3 a5 15. bxa5 Nxa5 16. Nd2 fxe5 17. dxe5 Bg5 18. f4 Ne3 19. Bd4 Qxd4 20. Nxd4 Nxd1 21. fxg5 Rxf1+ 22. Nxf1 Nf2+ 23. Kg1 Nxb3 24. Nxb3 Nd3 25. Nfd2 Nxe5 26. Nc5 b6 27. Nxe6 Bxe6 28. Re1 Nc4 29. Nxc4 dxc4 30. Rxe6 b5 31. Re3 Rd8 32. Kf2 Rd2+ 33. Kf3 Rb2 34. Re5 Rb3+ 35. Kf4 Kf7 36. h4 Rb2 37. g4 Rb3 38. h5 Rb1 39. Kf3 Rf1+ 40. Kg2 Rb1 41. Kf3 Rb3+ 1/2-1/2

[Event "CZE-chT2A 1617"]
[Site "Czech Republic"]
[Date "2016.11.13"]
[Round "3.8"]
[White "Spicka, Jan"]
[Black "Srostlik, Zdenek"]
[Result "1-0"]
[WhiteElo "1871"]
[BlackElo "1949"]
[PlyCount "49"]
[EventDate "2016.10.09"]
[EventType "team-tourn"]
[EventRounds "11"]
[EventCountry "CZE"]
[SourceTitle "EXT 2022"]
[Source "ChessBase"]
[SourceDate "2021.10.06"]
[SourceVersion "1"]
[SourceVersionDate "2021.10.06"]
[SourceQuality "1"]
[WhiteTeam "Karlovy Vary Tietz II"]
[BlackTeam "Praha Kobylisy"]
[WhiteTeamCountry "CZE"]
[BlackTeamCountry "CZE"]

1. e4 c5 2. c3 e6 3. d4 cxd4 4. cxd4 Nf6 5. Nc3 d6 6. Nf3 Be7 7. h3 a6 8. Be3 b5 9. Bd3 Bb7 10. a3 Nbd7 11. 0-0 Rc8 12. Nd2 Qc7 13. f4 0-0 14. g4 Nb6 15. g5 Nfd7 16. Qh5 Rfe8 17. f5 g6 18. Qg4 e5 19. fxg6 hxg6 20. d5 Nc4 21. Bxc4 bxc4 22. Qh4 f6 23. Qh6 Kf7 24. Qh7+ Kf8 25. Qxg6 1-0